00689nam a22002177a 450000500170000001000130001702000220003003500130005203700160006504000120008108200110009310000180010424501390012226000430026127000520030430000380035665000160039465000190041070000210042970000210045020170124110112.0 aA-992196 c00.00a8120722353 aA-992196 bCen Lib/Ret aDPLbEN aSbVAS aVaswani, J.P. aSnacks for the soul :cby J.P. Vaswani; edited by Prabha Sampath [and] Krishna Kumari ban inspiring story for every day of the year / bSterling Publishers aNew Delhi c2000 bNew Delhi aL-10, green park extention e110016 avarious pagings ;c19cm(Hb)bill. aliterature  aShort stories  aSampath, Prabha  aKumari, Krishna